Welche deutsche Stadt ist gesucht? #2 - Statistiken

Allgemein
  • Dieses Quiz wurde 82 mal gespielt
  • Das Durchschnittsergebnis liegt bei 10 aus 15
Antwortstatistiken
Frage Hinweis % Korrekt
Welcher Fluss steckt im Namen von 2 Bundesländern? Aus der gesuchten Stadt kommt ein ehemaliger Fußball-Europapokal-Teilnehmer.
90%
Für welches Essen sind unter anderem Berlin und das Ruhrgebiet bekannt? Als Wahrzeichen der gesuchten Stadt gilt eine Brücke.
87%
Bei welchem Fußballverein spielten Claudio Pizarro, Ailton und Diego? Die gesuchte Stadt wurde 742 erstmals urkundlich erwähnt.
83%
Welche Autobahn verbindet Hamburg und Köln? Im Süden der gesuchten Stadt befindet sich der Steigerwald.
83%
In welcher Stadt befinden sich Heiligengeistfeld, Gänsemarkt und Klosterstern? In der Innenstadt der gesuchten Stadt befindet sich der Petersberg.
80%
Wie heißt die berühmte Burg in Eisenach? Der Bürgermeister der gesuchten Stadt heißt Andreas Horn.
77%
In welchem Bundesland befindet sich das Kyffhäuser-Denkmal? Die gesuchte Stadt ist eine Großstadt.
75%
Welche deutsche Stadt an der Nordsee hat die meisten Einwohner? Die gesuchte Stadt ist eine kreisfreie Stadt.
72%
Wo fand die erste gesamtdeutsche Nationalversammlung statt? In der gesuchten Stadt fand das erste deutsch-deutsche Gipfeltreffen statt.
68%
Wie heißt das Rathaus in Frankfurt am Main? Ein Stadtteil der gesuchten Stadt heißt Gispersleben.
62%
Wer ist aktueller Bundesaußenminister? Die gesuchte Stadt befindet sich südlich des geografischen Mittelpunkt Deutschlands.
55%
Auf welcher Insel befinden sich Burg und Puttgarden? Die gesuchte Stadt besitzt einen bekannten Dom.
51%
Welches Amt steht in der protokollarischen Rangfolge an zweiter Stelle nach dem Bundespräsidenten? Aus der gesuchten Stadt kommt ein Fernsehsender.
46%
Lösungsstadt Erfurt
44%
Wie heißt das Mittelgebirge zwischen Mosel und Saar? Die gesuchte Stadt wird von einen Fluss durchflossen, welcher den gleichen Namen trägt, wie eine Stadt.
38%
Keine übereinstimmenden Quizze gefunden
Verteilung der Resultate
Anzahl Personen mit jedem Resultat
Perzentil nach korrekt beantworteten Fragen
Ihre Resultats-Entwicklung
Sie haben dieses Quiz noch nicht gespielt